000 00911nam a22002897a 4500
001 4483
003 FISKH
005 20240912082742.0
008 240912b cb ||||| |||| 00| 0 eng d
020 _a9780590441544
040 _aFISKH
_beng
_cFISKH
_dFISKH
050 _aDT1949.M35
082 _a324.268083092
100 _aDenenberg, Barry
_eauthor
245 _aNelson Mandela :
_bNo easy walk to freedom /
_cA bigography by Barry Denenberg
250 _aFirst Scholastic printing, April 1995
260 _aNew York :
_bScholastic ,
_c1991.
300 _a211 pages :
_billustrations ;
_c20 cm .
505 _aZ
520 _aRecounts the life, imprisonment, and leadership role of Nelson Mandela.
521 8 _a950
_bLexile
521 8 _aZ
_bRaz-Plus
650 _acivil rights
_vnon-fiction
700 _aPetronio, Kay
_eBook disigner
942 _2ddc
_cBK
_n0
999 _c4483
_d4483